000 01745nam0a22002651 4500
001 rc\2330620
005 20260407044627.0
035 _a(NLR Aleph) 006505968
090 _a6280246
_c6280246
100 _a20110829d1977 |||y0rusy50 ca
101 0 _arus
102 _aRU
105 _ay b |||||
200 1 _aПовышение надежности и долговечности металлургического оборудования
_eТезисы докл. на юбил. 5 респ. науч.-техн. конф.
_e(Надежность и долговечность агломерац., доменного, сталеплавильного, прокатного и трубного оборудования), окт. 1977 г.
_f[Под ред. В.М. Гребеника и др.]
210 _aДнепропетровск
_cБ. и.
_d1977
215 _a134 с.
_d21
300 _aВ надзаг.: М-во высш. и сред. спец. образования УССР, Днепропетр. металлург. ин-т, М-во черной металлургии УССР, Укр. респ. правл. Науч.-техн. о-ва черной металлургии. 60-летию Великой Октябрьской соц. революции посвящается
606 _aМеталлургическое оборудование
_jТезисы докладов
_xНадежность
_2rkp
702 1 _aГребеник
_bВ.М.
_gВиктор Михайлович
_4340
712 0 2 _aДнепропетровский металлургический институт
_3RU\NLR\AUTH\8810017293
_9532433
801 0 _aRU
_bNLR
_gpsbo
801 1 _aRU
_bELAR
_2rusmarc
852 _aNLR
_j77-3/11884
942 _cBOOK
980 _aNB